5HLuxD.jpg

KING HENRY VIII SENIOR AND PRIMARY SCHOOL LIBRARY OPAC

Terrorism : (Record no. 2714)

000 -LEADER
fixed length control field 00927nam a22002891i 4500
001 - CONTROL NUMBER
control field 015636249
003 - CONTROL NUMBER IDENTIFIER
control field Uk
005 - DATE AND TIME OF LATEST TRANSACTION
control field 20230811161258.0
008 - FIXED-LENGTH DATA ELEMENTS--GENERAL INFORMATION
fixed length control field 130418s2010 enkab j 001 0 eng|d
020 ## - INTERNATIONAL STANDARD BOOK NUMBER
International Standard Book Number 9781850085522 (paperback) :
040 ## - CATALOGING SOURCE
Original cataloging agency StDuBDS
Language of cataloging eng
Transcribing agency StDuBDS
Description conventions rda
Modifying agency KH8
042 ## - AUTHENTICATION CODE
Authentication code ukblsr
082 04 - DEWEY DECIMAL CLASSIFICATION NUMBER
Classification number 363.325 WIL
100 1# - MAIN ENTRY--PERSONAL NAME
Personal name Wilkes, A.
Fuller form of name (Aaron),
Relator term author.
245 10 - TITLE STATEMENT
Title Terrorism :
Remainder of title the rise of terror tactics in the modern world /
Statement of responsibility, etc. Aaron Wilkes.
264 #1 - PRODUCTION, PUBLICATION, DISTRIBUTION, MANUFACTURE, AND COPYRIGHT NOTICE
Place of production, publication, distribution, manufacture Haddenham, Buckinghamshire :
Name of producer, publisher, distributor, manufacturer Folens,
Date of production, publication, distribution, manufacture, or copyright notice 2010.
300 ## - PHYSICAL DESCRIPTION
Extent 64 pages :
Other physical details illustrations (black and white, and colour), maps ;
Dimensions 28 cm.
336 ## - CONTENT TYPE
Content type term text
Source rdacontent
336 ## - CONTENT TYPE
Content type term still image
Source rdacontent
336 ## - CONTENT TYPE
Content type term cartographic image
Source rdacontent
337 ## - MEDIA TYPE
Media type term unmediated
Source rdamedia
338 ## - CARRIER TYPE
Carrier type term volume
Source rdacarrier
490 0# - SERIES STATEMENT
Series statement Depth study
500 ## - GENERAL NOTE
General note Includes index.
650 #0 - SUBJECT ADDED ENTRY--TOPICAL TERM
Topical term or geographic name entry element Terrorism
Form subdivision Juvenile literature.
942 ## - ADDED ENTRY ELEMENTS (KOHA)
Source of classification or shelving scheme
Koha item type Teaching Resources
Holdings
Withdrawn status Lost status Source of classification or shelving scheme Damaged status Not for loan Collection code Permanent Location Current Location Shelving location Date acquired Full call number Barcode Date last seen Price effective from Koha item type
          Teaching Resources KH8 Senior School Library KH8 Senior School Library Staff Office 2023-08-11 363.325 WIL TRKHSL002006 2023-08-11 2023-08-11 Teaching Resources

Powered By KH8 IT Dept